000
00266nam a2200109Ia 4500
008
200302s9999 xx 000 0 und d
100
_a
La Biennale Di Venezia
245
_a
Less Aesthetics More Ethics
260
_b
Marsilio Editory
260
_c
2000
300
_a
189 P
999
_c
4743
_d
4743